Лабораторный комплекс для изучения цифровых регуляторов; Молодежь и современные информационные технологии

Bibliografiske detaljer
Parent link:Молодежь и современные информационные технологии.— 2005.— С. 202-203
Hovedforfatter: Лебединский О. В.
Andre forfattere: Скороспешкин М. В. Максим Владимирович
Sprog:russisk
Udgivet: 2005
Fag:
Format: Book Chapter
KOHA link:https://koha.lib.tpu.ru/cgi-bin/koha/opac-detail.pl?biblionumber=144616

MARC

LEADER 00000naa2a2200000 4500
001 144616
005 20240213111213.0
035 |a (RuTPU)RU\TPU\book\156717 
090 |a 144616 
100 |a 20081006d2005 k y0rusy50 ca 
101 0 |a rus 
102 |a RU 
200 1 |a Лабораторный комплекс для изучения цифровых регуляторов  |f О. В. Лебединский, М. В. Скороспешкин 
463 0 |0 (RuTPU)RU\TPU\book\118408  |t Молодежь и современные информационные технологии  |o сборник трудов III Всероссийской научно-практической конференции студентов, г. Томск, 15 февраля - 17 февраля 2005 г.  |f Томский политехнический университет  |v С. 202-203  |d 2005  |p 284 с. 
610 1 |a регуляторы 
610 1 |a цифровые регуляторы 
610 1 |a лабораторные комплексы 
610 1 |a автоматизация 
610 1 |a АСУТП 
610 1 |a труды учёных ТПУ 
700 1 |a Лебединский  |b О. В. 
701 1 |a Скороспешкин  |b М. В.  |c специалист в области информатики и вычислительной техники  |c доцент Томского политехнического университета, инженер, кандидат технических наук  |f 1980-  |g Максим Владимирович  |3 (RuTPU)RU\TPU\pers\25411  |9 11353 
801 1 |a RU  |b 63413507  |c 20081006  |g PSBO 
801 2 |a RU  |b 63413507  |c 20151211  |g RCR 
942 |c BK